header

Lectures on the differential equations of mathematical physics (Record no. 67593)

MARC details
000 -LEADER
fixed length control field 01326nam a2200337Ia 4500
082 04 - DEWEY DECIMAL CLASSIFICATION NUMBER
Classification number 530.15/535
100 1# - MAIN ENTRY--AUTHOR NAME
Personal name Freiling, G.
245 10 - TITLE STATEMENT
Title Lectures on the differential equations of mathematical physics
260 ## - PUBLICATION, DISTRIBUTION, ETC. (IMPRINT)
Place of publication New York :
Name of publisher Nova Science Publishers,
Year of publication c2008.
300 ## - PHYSICAL DESCRIPTION
Number of Pages viii, 304 p. :
Other physical details ill.
650 #0 - SUBJECT ADDED ENTRY--TOPICAL TERM
Topical Term Differential equations.
Topical Term Mathematical physics.
700 1# - ADDED ENTRY--PERSONAL NAME
Personal name Yurko, V. A.
856 40 - ELECTRONIC LOCATION AND ACCESS
Uniform Resource Identifier http://site.ebrary.com/lib/rucke/Doc?id=10660256

No items available.

© 2026 Rongo University
Contact us: librarian | system librarian | Rongo university